000 00872nam a2200301 a 4500
001 33668
003 BD-RjUL
005 20211209052036.0
008 140510s2002 enk 001 0 eng d
020 _a0415285348
020 _a0415285356 (pbk.)
035 _aBNB2691.925
_a(BD-RjUL)33759
040 _aBDS
_beng
_cBD-RjUL
041 _aeng
082 0 _a301.01
_221
_bFRG 2002
100 1 _aFrisby, David.
_9102222
245 1 0 _aGeorg Simmel /
_cDavid Frisby.
250 _aRev. ed
260 _aLondon :
_bRoutledge,
_cc2002.
300 _axxxix, 161 p. ;
_c21 cm.
490 1 _aKey sociologists
500 _aPrevious ed.: Chichester: Ellis Horwood, 1984
504 _aIncludes index.
600 1 0 _aSimmel, Georg,
_d1858-1918
_9173917
650 _aSociology
_xPhilosophy
_9173918
830 0 _aKey sociologists (Routledge (Firm))
_9173919
942 _2ddc
_cBK
999 _c33668
_d33668